| 000 | 03864cgm a22007574i 4500 | ||
|---|---|---|---|
| 001 | sky303077859 | ||
| 003 | SKY | ||
| 005 | 20210219102454.0 | ||
| 007 | vd cvaizs | ||
| 008 | 201211s2020 cau590 e vleng d | ||
| 024 | 1 | _a883929728800 | |
| 028 | 4 | 2 |
_a13758241 _bWarner Bros. Home Entertainment |
| 040 |
_aCNEDM _beng _erda _cCNEDM _dTEF _dOCLCO _dTEFMT _dOCLCO _dOCLCF _dOMN _dSKYRV _dCoBoFLC |
||
| 046 |
_as _k2020 _2edtf |
||
| 050 | 4 |
_aPN1992.77 _b.L68 2021 |
|
| 082 | 0 | 4 |
_a791.45/75 _223 |
| 092 | _eLOVECRAFT | ||
| 245 | 0 | 0 |
_aLovecraft country. _nThe complete first season _h[dvd] / _can HBO original series. |
| 246 | 3 |
_aLovecraft country. _nThe complete1st season. |
|
| 246 | 3 |
_aLovecraft country. _nSeason one. |
|
| 246 | 3 |
_aLovecraft country. _nSeason 1. |
|
| 260 |
_aBurbank, CA : _bWarner Bros. Home Entertainment, _c[2021] |
||
| 264 |
_aBurbank, CA : _bWarner Bros. Home Entertainment, _c[2021] |
||
| 300 |
_a3 videodiscs (590 min.) : _bsound, color ; _c4 3/4 in. |
||
| 336 | _atwo-dimensional moving image | ||
| 337 | _avideo | ||
| 338 | _avideodisc | ||
| 500 | _aTitle from container. | ||
| 500 | _a"Take back your legacy"--Container. | ||
| 500 | _aBased on the novel by Matt Ruff. | ||
| 500 | _aOriginally broadcast as single episodes of a television program on HBO in 2020. | ||
| 500 | _aWidescreen. | ||
| 500 | _aSpecial features: Orithyia Blue and the imagination of Diana Freeman; Lovecraft country: compendium of horrors; HBO special: Crafting Lovecraft country; Eight Exploring Lovecraft country featurettes; Four Lovecraft country the craft featurettes. | ||
| 505 | 0 | _aSundown -- Whitey's on the moon -- Holy ghost -- A history of violence -- Strange case -- Meet me in Daegu -- I am -- Jig-a-bobo -- Rewind 1921 -- Full circle. | |
| 511 | 1 | _aJonathan Majors, Jurnee Smollett, Courtney B. Vance, Aunjanue Ellis, Wunmi Mosaku, Abbey Lee, Jamie Chung, Jada Harris, Michael Kenneth Williams. | |
| 520 | _aBased on Matt Ruff's novel, this series follows Korean war vet Atticus Freeman, his friend Letitia and his Uncle George on a journey across 1950s Jim Crow America where they face racist terrors and the terrifying monsters of an H.P. Lovecraft paperback. | ||
| 521 | 8 | _aNot rated. | |
| 538 | _aDVD. | ||
| 546 | _aIn English; with optional subtitles for the deaf and hard of hearing (SDH) | ||
| 600 | 1 | 0 |
_aRuff, Matt _vTelevision adaptations. _96406737 |
| 600 | 1 | 0 |
_aLovecraft, H. P. _q(Howard Phillips), _d1890-1937. _tShort stories. _kSelections. _96406738 |
| 650 | 0 |
_aAfrican Americans _vDrama. _95771144 |
|
| 650 | 0 |
_aOccultists _vDrama. _96406739 |
|
| 655 | 7 |
_aHorror television programs. _2lcgft. _96406740 |
|
| 655 | 7 |
_aParanormal television programs. _2lcgft. _95777005 |
|
| 655 | 7 |
_aHistorical television programs. _2lcgft. _96406741 |
|
| 655 | 7 |
_aTelevision programs. _2lcgft. _96406742 |
|
| 655 | 7 |
_aTelevision series. _2lcgft. _96406743 |
|
| 655 | 7 |
_aVideo recordings for the hearing impaired. _2lcgft. _96406744 |
|
| 655 | 0 |
_aDVD-Video discs. _96406745 |
|
| 700 | 1 |
_aMajors, Jonathan, _d1989- _eactor. _96398736 |
|
| 700 | 1 |
_aSmollett-Bell, Jurnee, _d1986- _eactor. _96363278 |
|
| 700 | 1 |
_aVance, Courtney B., _eactor. _962162 |
|
| 700 | 1 |
_aEllis, Aunjanue, _eactor. _965780 |
|
| 700 | 1 |
_aMosaku, Wunmi, _eactor. _95742436 |
|
| 700 | 0 |
_aAbbey Lee, _d1987- _eactor. _96406746 |
|
| 700 | 1 |
_aChung, Jamie, _d1983- _eactor. _96244772 |
|
| 700 | 1 |
_aHarris, Jada, _eactor. _96406747 |
|
| 700 | 1 |
_aWilliams, Michael Kenneth, _eactor. _95773375 |
|
| 700 | 1 |
_aRuff, Matt. _tLovecraft country. _96406748 |
|
| 710 | 2 |
_aHome Box Office (Firm), _ebroadcaster. _916921 |
|
| 710 | 2 |
_aWarner Bros. Home Entertainment (Firm), _epublisher. _95768895 |
|
| 730 | 0 |
_aLovecraft country (Television program). _nSeason 1. _96406749 |
|
| 907 | _a.b44602028x | ||
| 942 |
_2ddc _cDVDNEWR |
||
| 999 |
_c358776 _d358776 |
||